[Event "Andorra"]
[Site "Andorra la Vella AND"]
[Date "2003.07.11"]
[Round "7"]
[White "De la Villa Garcia,J"]
[Black "Holmsgaard,H"]
[Result "1-0"]
[WhiteElo "2465"]
[BlackElo "2277"]

1.e4 c5 2.Nc3 Nc6 3.Bb5 Nd4 4.Bc4 e6 5.Nf3 Ne7 6.O-O Nec6 7.d3 Be7 8.Nxd4 Nxd4
9.f4 O-O 10.Be3 Rb8 11.a4 a6 12.Qd2 b5 13.axb5 axb5 14.Ba2 Bb7 15.Qf2 Qb6
16.Bxd4 cxd4 17.Ne2 Bc5 18.Kh1 b4 19.Qh4 Ra8 20.Ng3 f6 21.Bb3 Rxa1 22.Rxa1 Kh8
23.f5 Rf7 24.Ne2  1-0

[Event "Open"]
[Site "Mariupol UKR"]
[Date "2003.07.11"]
[Round "1"]
[White "Konev,V"]
[Black "Shalimov,V UKR"]
[Result "0-1"]
[WhiteElo "2121"]
[BlackElo "2478"]

1.e4 c5 2.Nf3 Nc6 3.Nc3 g6 4.d4 cxd4 5.Nxd4 Bg7 6.Be3 Nf6 7.Be2 O-O 8.O-O d5
9.exd5 Nb4 10.Bf3 Nbxd5 11.Nxd5 Nxd5 12.Bg5 h6 13.Bh4 g5 14.Bg3 e5 15.Nb5 Be6
16.c4 Ne7 17.Qe2 Nc6 18.Rfd1 Qb6 19.Bd5 Rfe8 20.Qe3 Nd4 21.Bxe6 Rxe6 22.h4 Nxb5
23.cxb5 gxh4 24.Bxh4 Qxb5 25.Rd2 e4 26.Rad1 Qh5 27.Bg3 a6 28.Rd5 Qg6 29.Rd7 b5
30.b3 Bf6 31.R1d6 Rae8 32.Bf4 Bg5 33.Qg3 Qf6 34.Be3 Qg6 35.Rd5 Bxe3 36.Qxe3 Qf6
37.Qg3+ Kh7 38.R5d6 Qg6 39.Qxg6+ Kxg6 40.Kf1 Rxd6 41.Rxd6+ Re6 42.Rd5 Rc6
43.Ke1 f5 44.Kd2 Kg5 45.a4 bxa4 46.bxa4 Kf4 47.g3+ Kg4 48.Ke3 Rc3+ 49.Ke2 Rc4
50.Ra5 Rc6 51.Rd5 h5 52.Rd8 Rc2+ 53.Ke3 Rc3+ 54.Ke2 Kh3 55.Rd5 Rf3 56.Ra5 Kg2
57.Rxa6 Rxf2+ 58.Ke1 Kxg3 59.a5 e3  0-1

[Event "2nd Open"]
[Site "Condom FRA"]
[Date "2003.07.12"]
[Round "1"]
[White "Gaponenko,I"]
[Black "Cwiek,L"]
[Result "1-0"]
[WhiteElo "2399"]
[BlackElo "2155"]

1.e4 c5 2.Nf3 Nc6 3.Nc3 g6 4.d4 cxd4 5.Nxd4 Bg7 6.Be3 Nf6 7.Bc4 O-O 8.Bb3 d6
9.f3 Bd7 10.h4 Qa5 11.Qd2 Rfc8 12.O-O-O Ne5 13.Kb1 Nc4 14.Bxc4 Rxc4 15.Nb3 Qc7
16.Bd4 Bc6 17.h5 a5 18.hxg6 fxg6 19.Bxf6 Bxf6 20.Nd5 Bxd5 21.Qxd5+ Kg7 22.Rxh7+ Kxh7
23.Qf7+ Kh6 24.f4 Kh5 25.Rh1+ Bh4 26.Qh7+ Kg4 27.Qxh4+  1-0

[Event "Open"]
[Site "Mariupol UKR"]
[Date "2003.07.12"]
[Round "2"]
[White "Polivanov,A"]
[Black "Ivanova,S"]
[Result "1-0"]
[WhiteElo "2425"]
[BlackElo "2268"]

1.e4 c5 2.Nc3 Nc6 3.Nge2 e5 4.Nd5 Nf6 5.Nec3 Nxd5 6.Nxd5 Ne7 7.Nc3 g6 8.Bc4 Bg7
9.d3 O-O 10.O-O d6 11.f4 exf4 12.Bxf4 Nc6 13.Qd2 Ne5 14.Bd5 Be6 15.Bg5 Qd7
16.Bf6 Rab8 17.a4 b6 18.Bxg7 Kxg7 19.Rf4 Qe7 20.Raf1 a6 21.Qf2 g5 22.Qg3 Ng6
23.R4f2 h6 24.Bb3 b5 25.axb5 axb5 26.Nd5 Bxd5 27.Bxd5 f6 28.c3 b4 29.d4 bxc3
30.bxc3 Rb6 31.Qg4 Kh7 32.g3 Kg7 33.h4 h5 34.Qxh5 gxh4 35.g4 cxd4 36.g5 Rh8
37.gxf6+ Qxf6 38.Qxh8+ Kxh8 39.Rxf6 dxc3 40.R6f3  1-0

[Event "Open"]
[Site "Mariupol UKR"]
[Date "2003.07.12"]
[Round "2"]
[White "Shilin,D"]
[Black "Golovanj,A"]
[Result "1-0"]
[WhiteElo "2409"]
[BlackElo "2218"]

1.e4 c5 2.Nc3 Nc6 3.Bb5 g6 4.Bxc6 dxc6 5.d3 Bg7 6.Be3 b6 7.Qd2 Nf6 8.Bh6 Bxh6
9.Qxh6 e5 10.Nge2 Ng4 11.Qd2 Qh4 12.Ng1 O-O 13.h3 Qh6 14.Nf3 Re8 15.O-O Qxd2
16.Nxd2 Nh6 17.Nc4 f6 18.f4 Nf7 19.fxe5 fxe5 20.Nd1 Be6 21.Nde3 Kg7 22.a3 Bxc4
23.Nxc4 Rad8 24.b4 cxb4 25.axb4 Re7 26.Kf2 Nd6 27.Nxd6 Rxd6 28.Ke3 Rf6 29.Rxf6 Kxf6
30.Rf1+ Kg7 31.c3 Rf7 32.Rd1 Kf6 33.d4 exd4+ 34.cxd4 Ke6 35.Ra1 Kd6 36.Kd3 Re7
37.Rf1 a5 38.bxa5 bxa5 39.e5+ Kc7 40.Kc4 Rd7 41.Rf8 Kb6 42.Rb8+ Rb7 43.Rxb7+ Kxb7
44.Kb3  1-0

[Event "Andorra"]
[Site "Andorra la Vella AND"]
[Date "2003.07.13"]
[Round "9"]
[White "Lacasa Diaz,J"]
[Black "Bruned,Y"]
[Result "1-0"]
[WhiteElo "2398"]
[BlackElo "2125"]

1.e4 c5 2.Nc3 Nc6 3.Nf3 e6 4.Bb5 Nge7 5.O-O a6 6.Bxc6 Nxc6 7.d4 cxd4 8.Nxd4 Qc7
9.Re1 Bd6 10.Nxc6 dxc6 11.f4 O-O 12.e5 Bb4 13.Be3 c5 14.Qf3 Bd7 15.Qg3 Bc6
16.Red1 Bxc3 17.bxc3 Be4 18.Qf2 b6 19.Qe2 Rfd8 20.Bf2 Bb7 21.Bh4 Rxd1+ 22.Rxd1 Re8
23.Rd6 f5 24.Qd3 Bd5 25.Qxa6 Bc6 26.Qc4 Kf7 27.h3 Qb7 28.Qe2 Kg8 29.c4 Qc7
30.Kh2 Qb7 31.c3 Qc7 32.Qd2 Kf7 33.Bd8 Qb7 34.Qb2 Kg8 35.Qxb6 Qxb6 36.Bxb6 Be4
37.a4 Rb8 38.a5 Kf7 39.Rd7+ Kg6 40.Re7 Bd3 41.Rxe6+ Kf7 42.Rc6 Bxc4 43.Rxc5 Be6
44.Rc7+ Kg6 45.Kg1 Rc8 46.Rxc8 Bxc8 47.Kf2 Kf7 48.Ke3 Ke6 49.Kd4 Bb7 50.g3 h6
51.Kc5 g5 52.Bd8 gxf4 53.gxf4 h5 54.h4 Kd7 55.Kb6 Bd5 56.Bg5 Be4 57.c4 Bc6
58.c5 Bd5 59.Bh6 Be4 60.a6 Kc8 61.c6 Kb8 62.e6 Bd5 63.e7 Bf7 64.a7+  1-0

[Event "2nd Open"]
[Site "Condom FRA"]
[Date "2003.07.13"]
[Round "2"]
[White "Gara,A"]
[Black "Szitas,G"]
[Result "1-0"]
[WhiteElo "2352"]
[BlackElo "2196"]

1.e4 c5 2.Nf3 Nc6 3.Nc3 g6 4.Bb5 Bg7 5.Bxc6 bxc6 6.d3 d5 7.O-O Nf6 8.e5 Nd7
9.Re1 Nf8 10.Na4 Ne6 11.Ng5 Qa5 12.c4 Nxg5 13.Bxg5 dxc4 14.dxc4 Bg4 15.f3 Rd8
16.Qb3 Be6 17.Rac1 h6 18.Bh4 g5 19.Bf2 O-O 20.Bxc5 Rb8 21.Qc2 Qc7 22.Bd4 Rfd8
23.Qf2 Qa5 24.b3 c5 25.Nxc5 Rxd4 26.Qxd4 Rd8 27.Qe3  1-0

[Event "2nd Open"]
[Site "Condom FRA"]
[Date "2003.07.14"]
[Round "4"]
[White "Gara,A"]
[Black "Agamaliev,G"]
[Result "1/2-1/2"]
[WhiteElo "2352"]
[BlackElo "2518"]

1.e4 c5 2.Nf3 Nc6 3.Nc3 g6 4.d4 cxd4 5.Nxd4 Bg7 6.Be3 Nf6 7.Bc4 O-O 8.Bb3 d6
9.f3 Bd7 10.Qd2 Rc8 11.O-O-O Nxd4 12.Bxd4 b5 13.Nd5 Nxd5 14.Bxg7 Kxg7 15.Bxd5 a5
16.a3 b4 17.axb4 axb4 18.Qxb4 Kg8 19.Rd3 Rb8 20.Qd4 e6 21.Bc4 Ra8 22.Kb1 Qc7
23.Rc3 Ra4 24.Bb3 Qa7 25.Qxa7 Rxa7 26.Rd1 Rfa8 27.Kc1 Ra1+ 28.Kd2 Rxd1+ 29.Kxd1 Ra1+
30.Ke2 Rb1 31.Rc7 Bb5+ 32.Kd2 Bf1 33.g3 Bg2 34.Rc3 g5 35.Re3 h5 36.f4 gxf4
37.gxf4 Kf8 38.e5 dxe5 39.Rxe5 Rf1 40.Rxh5 Rxf4 41.c4 Ke7 42.Kc3 Rf3+ 43.Kb4 Rf2
44.Ka3 f5 45.c5 Re2 46.Rh7+ Kf6 47.Ba4 f4 48.c6 Re1 49.c7 Rc1 50.Be8 Be4
51.Rf7+ Ke5 52.Bb5 Bg6 53.Rg7 Kf6 54.Rd7 f3 55.b4 f2 56.Rd2 Rxc7 57.Rxf2+ Ke5
58.Re2+ Be4 59.h4 Kd4 60.Kb2 Rh7 61.Rd2+ Ke5 62.Re2 Kd4 63.Rd2+ Ke5  1/2-1/2

[Event "ch-GBR"]
[Site "Edinburgh SCO"]
[Date "2003.07.14"]
[Round "1"]
[White "Reefat,S"]
[Black "Ramaswamy,A"]
[Result "1/2-1/2"]
[WhiteElo "2475"]
[BlackElo "2316"]

1.e4 c5 2.Nc3 Nc6 3.Bb5 Nd4 4.Bc4 g6 5.Nf3 Bg7 6.Nxd4 cxd4 7.Qf3 Nh6 8.Ne2 O-O
9.c3 dxc3 10.dxc3 Ng4 11.Bxf7+ Rxf7 12.Qxg4 d5 13.Qh4 Bf6 14.Bg5 Qb6 15.O-O Bxg5
16.Qxg5 dxe4 17.Rad1 Bf5 18.Rd2 Raf8 19.Qe3 Be6 20.Qxb6 axb6 21.Ng3 e3 22.fxe3 Bxa2
23.Rd7 e5 24.Rfxf7 Rxf7 25.Rd8+ Rf8 26.Rd7 Rf7 27.Rd8+ Rf8 28.Rd6 b5 29.Rb6 Bc4
30.Rxb7 Rd8 31.Ne4 Rf8 32.Nd2 Bd3 33.e4 Rd8 34.Kf2 Bc4 35.Ke1 Ra8 36.b3 Ra1+
37.Kf2 Rd1 38.Ke3 Re1+ 39.Kf2 Re2+ 40.Kf3 Rxd2 41.bxc4 bxc4 42.Re7 Rd3+ 43.Kg4 Rxc3  1/2-1/2

[Event "ch-GBR"]
[Site "Edinburgh SCO"]
[Date "2003.07.15"]
[Round "2"]
[White "Williams,Sa"]
[Black "Ansell,S"]
[Result "0-1"]
[WhiteElo "2150"]
[BlackElo "2379"]

1.e4 c5 2.Nc3 Nc6 3.Bb5 Nd4 4.Bc4 g6 5.Nf3 Bg7 6.Nxd4 cxd4 7.Qf3 Nf6 8.Nb5 O-O
9.Nxd4 Ng4 10.Nb3 Ne5 11.Qe2 Qc7 12.Bd3 d5 13.c3 Nxd3+ 14.Qxd3 Rd8 15.exd5 Be6
16.O-O Be5 17.g3 Bxd5 18.Qe3 a5 19.d4 Bf6 20.f4 b6 21.Nd2 Bb7 22.Qf2 Qc6
23.Nf3 b5 24.h3 b4 25.Bd2 bxc3 26.Bxc3 a4 27.a3 Rab8 28.Rad1 Qd5 29.Kh2 h5
30.Ne5 Kg7 31.Rd2 Qe4 32.Re1 Qf5 33.Qe3 Bd5 34.Qd3 Qxd3 35.Rxd3 e6 36.Bb4 Bb3
37.Nc6 Rxb4 38.axb4 Rc8 39.Rc3 Bd5 40.b5 g5 41.Ra1 gxf4 42.gxf4 Kh6 43.Rxa4 Rg8
44.Rg3 Rc8 45.Ra6 Bh4 46.Rg1 Bf2 47.Rf1 Be3 48.Ne7 Rc2+ 49.Kg3 Rg2+ 50.Kh4 Be4
51.Rd6 Bd3 52.b6 Bd2 53.Rd8 Bxf1 54.Rh8+ Kg7 55.Rg8+ Kh7 56.b7 Be1+  0-1

[Event "24th Open"]
[Site "Bled SLO"]
[Date "2003.07.16"]
[Round "4"]
[White "Steffens,O"]
[Black "Perman,E"]
[Result "0-1"]
[WhiteElo "2255"]
[BlackElo "2081"]

1.e4 c5 2.Nc3 Nc6 3.Bb5 d6 4.d4 cxd4 5.Qxd4 Bd7 6.Bxc6 Bxc6 7.Nf3 Nf6 8.Bg5 e6
9.O-O Be7 10.Rad1 O-O 11.Rfe1 Qa5 12.Qd2 Qb6 13.Qd4 Qa5 14.b4 Qc7 15.b5 Bd7
16.Rd3 h6 17.Bxf6 gxf6 18.Nd2 Kh7 19.Qe3 Rg8 20.Rd4 Rac8 21.Rc4 Qb6 22.Qxb6 axb6
23.Re3 f5 24.exf5 e5 25.f4 Rxc4 26.Nxc4 d5 27.Nxd5 Bc5 28.Nf6+ Kg7 29.Nxg8 exf4
30.Ne7 fxe3 31.f6+ Kf8  0-1

[Event "Masters"]
[Site "Saint Lo FRA"]
[Date "2003.07.16"]
[Round "8"]
[White "Le Roux,JP"]
[Black "Coursaget,N"]
[Result "1-0"]
[WhiteElo "2442"]
[BlackElo "2226"]

1.e4 c5 2.Nf3 Nc6 3.Nc3 Nf6 4.e5 Ng4 5.Qe2 Qc7 6.Nd5 Qb8 7.d4 cxd4 8.Bf4 e6
9.h3 Nh6 10.Bxh6 gxh6 11.Nf6+ Ke7 12.Qe4 Bg7 13.O-O-O Nxe5 14.Nh5 Nxf3 15.Nxg7 Qe5
16.gxf3 Qxg7 17.Rxd4 Qg5+ 18.f4 Qa5 19.Bc4 f5 20.Qg2 Rf8 21.Qg7+ Rf7 22.Qxh6 b5
23.Qh4+ Ke8 24.Rg1 bxc4 25.Rg8+ Rf8 26.Qh5+ Ke7 27.Qxh7+ Ke8 28.Qg6+ Ke7
29.Qg7+  1-0

[Event "BCSA Open"]
[Site "Batumi GEO"]
[Date "2003.07.18"]
[Round "2"]
[White "Petrosian,TL"]
[Black "Petrosian,T2"]
[Result "1-0"]
[WhiteElo "2444"]
[BlackElo "2259"]

1.e4 c5 2.Nc3 Nc6 3.Bb5 Nd4 4.Ba4 a6 5.d3 e6 6.Nge2 b5 7.Bb3 Nxb3 8.axb3 Bb7
9.O-O Nf6 10.f4 d5 11.e5 d4 12.exf6 dxc3 13.f5 Qd5 14.Rf2 gxf6 15.fxe6 fxe6
16.Nf4 Qd7 17.Nxe6 Qxe6 18.Re2 Qxe2 19.Qxe2+ Be7 20.Qh5+ Kd8 21.bxc3 Rc8
22.Bf4 Rc6 23.Re1 Rg8 24.Qd5+  1-0

[Event "Open"]
[Site "Mariupol UKR"]
[Date "2003.07.18"]
[Round "8"]
[White "Shilin,D"]
[Black "Matjushin,G"]
[Result "1/2-1/2"]
[WhiteElo "2409"]
[BlackElo "2416"]

1.e4 c5 2.Nc3 Nc6 3.Bb5 Nd4 4.a4 e6 5.Nge2 Ne7 6.Nxd4 cxd4 7.Ne2 a6 8.Bc4 Nc6
9.O-O Be7 10.d3 O-O 11.Bf4 d6 12.Bg3 Bh4 13.Bxh4 Qxh4 14.Qd2 e5 15.f4 Be6
16.b3 Qd8 17.f5 Bxc4 18.bxc4 f6 19.Rab1 Rf7 20.Rb2 a5 21.Rb5 Nb4 22.c3 dxc3
23.Nxc3 Qb8 24.Nd5 Nxd5 25.Rxd5 Ra6 26.Rb1 b6 27.Rxa5 Rfa7 28.Rxa6 Rxa6 29.Qf2 Qa8
30.h3 Rxa4 31.Kh2 Ra6 32.Rxb6 Rxb6 33.Qxb6 Qa3 34.Qb8+ Kf7 35.Qc7+ Kf8 36.Qd8+ Kf7
37.Qd7+ Kf8 38.Qc8+ Kf7 39.Qb7+ Kf8 40.Qd5 Qc5 41.h4 Qb6 42.Qa8+ Kf7 43.Qa2 Kf8
44.Qe2 Qd4 45.Qf3 Qc5 46.Kh3 Qg1 47.Qe2 Qd4 48.Kg4 Qg1 49.Kg3 Qd4 50.Kf3 Qg1
51.Qe3 Qf1+ 52.Kg3 Ke8 53.Kh2 Kf7 54.Kh3 Qd1 55.Qf3 Qh1+ 56.Kg4 Qc1 57.Qf2 Qd1+
58.Qf3 Qe1 59.Kh3 Qg1 60.Kg3 Qb1 61.Kf2 Qb2+ 62.Qe2 Qd4+ 63.Ke1 Qa1+ 64.Qd1 Qd4
65.Ke2 Qb2+ 66.Kf3 Qc3 67.g4 h6 68.Qb1 Qd4 69.Qb7+ Kf8 70.Qa8+ Ke7 71.Qd5 Qa1
72.Qe6+ Kf8 73.Qxd6+ Kg8 74.Qb8+ Kh7 75.Ke2 Qg1 76.Kd2 Qf2+ 77.Kc1 Qe1+ 78.Kb2 Qd2+
79.Ka3 Qxd3+ 80.Qb3 Qxe4 81.c5 Qa8+ 82.Kb4 Qe4+ 83.Ka3 Qa8+ 84.Kb2 Qg2+ 85.Qc2 Qb7+
86.Kc3 Qf3+ 87.Qd3 Qc6 88.Qd6 Qf3+ 89.Kc4 Qe2+ 90.Kd5 e4 91.c6 e3 92.Ke6 Qc4+
93.Qd5 Qxd5+ 94.Kxd5 e2 95.c7 e1=Q 96.c8=Q Qe5+ 97.Kc6 Qe4+ 98.Kd6 Qxg4 99.Qe6 Qd4+
100.Kc6 Qe5 101.Qxe5 fxe5 102.Kd5 Kg8  1/2-1/2

[Event "ch-GBR"]
[Site "Edinburgh SCO"]
[Date "2003.07.19"]
[Round "6"]
[White "Williams,Sa"]
[Black "Meenakshi,S"]
[Result "1/2-1/2"]
[WhiteElo "2150"]
[BlackElo "2319"]

1.e4 c5 2.Nc3 Nc6 3.Bb5 g6 4.Bxc6 bxc6 5.f4 Bg7 6.Nf3 Nh6 7.d3 d6 8.O-O O-O
9.Qe1 f6 10.Qg3 Kh8 11.Qh4 Nf7 12.Qg3 f5 13.e5 dxe5 14.fxe5 Nxe5 15.Nxe5 Qd4+
16.Be3 Qxe5 17.Qxe5 Bxe5 18.Bxc5 Bf6 19.Rfe1 Re8 20.d4 Kg8 21.d5 Bd7 22.Rad1 Kf7
23.Bd4 Bxd4+ 24.Rxd4 Rac8 25.Kf2 Rcd8 26.Red1 Rb8 27.b3 cxd5 28.Nxd5 Bc6
29.c4 Rb7 30.Nc3 g5 31.Ne2 h6 32.Ng3 Kg6 33.Re1 Bd7 34.Red1 Bc8 35.Ne2 Kf7
36.Rd5 e5 37.Rd6 Rb6 38.Nc3 e4 39.Rxb6 axb6 40.Rd6 f4 41.Rxb6 e3+ 42.Ke1 Rd8
43.Nd5 Be6  1/2-1/2

[Event "ch-SCCF"]
[Site "Costa Mesa USA"]
[Date "2003.07.20"]
[Round "4"]
[White "Khachiyan,M"]
[Black "Casella,M"]
[Result "1/2-1/2"]
[WhiteElo "2473"]
[BlackElo "2338"]

1.e4 c5 2.Nc3 Nc6 3.Nf3 g6 4.d4 cxd4 5.Nxd4 Bg7 6.Nb3 Nf6 7.Be2 O-O 8.O-O d6
9.Bg5 Be6 10.f4 Rc8 11.Kh1 a6 12.Bf3 b5 13.Qe1 Nd7 14.Rd1 b4 15.Nd5 h6 16.Bh4 Bxb2
17.Nxb4 Nxb4 18.Qxb4 f6 19.Nd4 Bxd4 20.Qxd4 Qa5 21.Qf2 Kg7 22.Qg3 Rxc2 23.e5 Bf5
24.exd6 e6 25.Qe1 Qxe1 26.Rfxe1 g5 27.g4 Bg6 28.Bg3 gxf4 29.Bxf4 e5 30.Bg3 Rb8
31.Re2 Rxe2 32.Bxe2 Rb2 33.Bxa6 Be4+ 34.Kg1 Bf3 35.Ra1 Rb6 36.Bc8 Rxd6 37.a4 Nb6
38.Bf5 Rd2 39.a5 Rg2+ 40.Kf1 Nc4 41.Bf2 e4 42.Be6 e3 43.Bxc4 Rxf2+ 44.Ke1 Rxh2
45.Ra2 Rh1+ 46.Bf1 e2 47.Rxe2 Bxe2 48.Kxe2 Rg1 49.a6 Rxg4 50.Kd3 f5 51.Kc3 Kf6
52.Bb5 Rg7 53.Kb4 f4 54.Bc6 Ke5 55.Kc5 h5 56.Bb7 Rg1 57.a7 Rc1+ 58.Kb6 Rb1+
59.Kc5 Ra1 60.a8=Q Rxa8 61.Bxa8  1/2-1/2

[Event "ch-SCCF"]
[Site "Costa Mesa USA"]
[Date "2003.07.20"]
[Round "4"]
[White "Matikozian,A"]
[Black "Lakdawala,C"]
[Result "1/2-1/2"]
[WhiteElo "2430"]
[BlackElo "2435"]

1.e4 c5 2.Nc3 Nc6 3.Nf3 e6 4.Bb5 Nge7 5.O-O a6 6.Bxc6 Nxc6 7.d4 cxd4 8.Nxd4 Qc7
9.Re1 Bd6 10.g3 Nxd4 11.Qxd4 Be5 12.Qd3  1/2-1/2

[Event "BCSA Open"]
[Site "Batumi GEO"]
[Date "2003.07.21"]
[Round "5"]
[White "Pashikian,A"]
[Black "Kacheishvili,G"]
[Result "1-0"]
[WhiteElo "2366"]
[BlackElo "2603"]

1.e4 c5 2.Nc3 Nc6 3.Bb5 Nd4 4.Bc4 e6 5.Nge2 Nf6 6.O-O a6 7.a4 Nxe4 8.Nxe4 d5
9.Nxd4 cxd4 10.Bd3 dxe4 11.Bxe4 Bd6 12.Qh5 g6 13.Qh3 O-O 14.d3 Qc7 15.Bh6 Re8
16.Rfc1 Qb6 17.Qh4 Be5 18.c4 Bd7 19.b4 Qxb4 20.Rcb1 Qc5 21.Rxb7 Ra7 22.Rxa7 Qxa7
23.Qg5 Qc5 24.Rb1 f6 25.Qh4 f5 26.Bf3 Bxa4 27.Rb7 Qa3 28.g3 Bc2 29.Bf4 Bg7
30.Rxg7+ Kxg7 31.Be5+ Kg8 32.Qf6 Qc1+ 33.Kg2 Qh6 34.Bc6 Bxd3 35.Qh8+  1-0

[Event "ch-GBR"]
[Site "Edinburgh SCO"]
[Date "2003.07.21"]
[Round "7"]
[White "Waters,C"]
[Black "Radovanovic,J"]
[Result "1/2-1/2"]
[WhiteElo "2111"]
[BlackElo "2239"]

1.e4 c5 2.Nc3 Nc6 3.Nge2 d6 4.g3 g6 5.Bg2 Bg7 6.d3 e6 7.Be3 Nd4 8.O-O Ne7
9.Qd2 O-O 10.Nc1 b6 11.Nd1 d5 12.c3 Ndc6 13.exd5 exd5 14.Bh6 Bxh6 15.Qxh6 Qd6
16.Ne3 Nf5 17.Qg5 Be6 18.Ng4 Qe7 19.Nh6+ Kh8 20.Qf4 Rad8 21.Re1 Qd6 22.Qg5 Nxh6
23.Qxh6 Bf5 24.Ne2 Bxd3 25.Nf4 Be4 26.Bxe4 dxe4 27.Rxe4 Ne5 28.Nh5 gxh5 29.Qxd6 Rxd6
30.Rxe5 Rd2 31.b3 Kg7 32.Rxh5 Re8 33.Rf5 Ree2 34.a4 Rd3 35.a5 Kg6 36.Rf4 Rxc3
37.axb6 axb6 38.b4 cxb4 39.Ra8 f6 40.Rg8+ Kf7 41.Rb8 b3 42.Rxb6 b2 43.Kg2 Rc6
44.Rb7+ Ke6 45.Rfb4 Rcc2 46.R7b6+ Kf7 47.Rf4 Rc6 48.Rb7+ Ke6 49.Rfb4 Rcc2
50.R7b6+ Kf7 51.Rf4 Re6 52.Rb7+ Re7 53.Rb6 Re6 54.Rb7+ Kg6 55.h4 h5 56.Rfb4 Ree2
57.Rf4 Red2 58.Rb6 Rd6 59.Rxd6 b1=Q 60.Rdxf6+  1/2-1/2

[Event "26th Asian Juniors"]
[Site "Negombo SRI"]
[Date "2003.07.21"]
[Round "3"]
[White "Deepan,C"]
[Black "Khamzin,O"]
[Result "1-0"]
[WhiteElo "2383"]
[BlackElo "2298"]

1.e4 c5 2.Nf3 Nc6 3.Nc3 e5 4.Bc4 d6 5.d3 Be7 6.Nd2 Nf6 7.Nf1 Bg4 8.f3 Be6
9.Ne3 O-O 10.O-O a6 11.a4 Nb4 12.Ncd5 Nbxd5 13.Bxd5 Bxd5 14.exd5 Nh5 15.Nf5 Qd7
16.Nxe7+ Qxe7 17.Qe2 Rae8 18.g4 Nf6 19.c4 Nd7 20.Bd2 Qd8 21.a5 f5 22.Rae1 Rf7
23.Qg2 Ref8 24.g5 f4 25.Kh1 Rf5 26.Rg1 Qe8 27.Qg4 Qg6 28.h4 h6 29.Re2 R8f7
30.Reg2 h5 31.Qh3 Re7 32.Re2 Rf8 33.Re4 Qe8 34.b4 Qc8 35.Rb1 Qc7 36.b5 axb5
37.Rxb5 Qc8 38.Re1 Nb8 39.Qxc8 Rxc8 40.Bxf4 Rf8 41.Bh2 Rxf3 42.Reb1 Na6 43.Rxb7 Re8
44.R1b6 Nb4 45.Rxd6 Rf1+ 46.Bg1 e4 47.dxe4 Rxe4 48.Rb8+ Kf7 49.Rb7+ Kg8 50.Rb8+ Kf7
51.g6+ Ke7 52.Re6+ Rxe6 53.dxe6 Kxe6 54.Kg2 Ra1 55.Bxc5 Nd3 56.Bb6 Kf5 57.Rd8 Ra2+
58.Kf1 Nb4 59.c5 Kxg6 60.c6 Nxc6 61.Rd6+ Kf5 62.Rxc6 Kg4 63.Rc4+ Kf3 64.Ke1  1-0

[Event "26th Asian Juniors"]
[Site "Negombo SRI"]
[Date "2003.07.21"]
[Round "3"]
[White "Akshayraj,K"]
[Black "Nguyen Ngoc Truongson"]
[Result "1/2-1/2"]
[WhiteElo "2300"]
[BlackElo "2435"]

1.e4 c5 2.Nc3 Nc6 3.Bb5 Nd4 4.Ba4 a6 5.d3 b5 6.Bb3 e6 7.Nge2 Nxb3 8.axb3 Bb7
9.O-O Nf6 10.Ng3 Qc7 11.f4 d5 12.exd5 Nxd5 13.Nxd5 Bxd5 14.c4 Bb7 15.f5 Bd6
16.Qg4 h5 17.Qh4 Be7 18.Bg5 f6 19.Be3 O-O-O 20.cxb5 axb5 21.d4 e5 22.dxe5 fxe5
23.Qh3 Kb8 24.Rfd1 Qc6 25.Nf1 g6 26.f6 Bxf6 27.b4 Be7 28.bxc5 Bxc5 29.Qg3 Bxe3+
30.Nxe3 Qe4 31.Nf1 Rxd1 32.Rxd1 h4 33.Qg5 Rc8 34.h3 Qf4 35.Qxg6 e4 36.Qg4 Qe5
37.Ne3 Qxb2 38.Qxh4 Qe5 39.Qf2 b4 40.Rb1 Qd6 41.Nf5 Qe5 42.Ne3 Qd6 43.Nf5 Qe5
44.Ne3  1/2-1/2

[Event "3rd Savaria Summer Open"]
[Site "Szombathely HUN"]
[Date "2003.07.21"]
[Round "3"]
[White "Sebe Vodislav,F"]
[Black "Csiszar,C"]
[Result "0-1"]
[WhiteElo "2300"]
[BlackElo "2393"]

1.e4 c5 2.Nc3 Nc6 3.Nf3 e5 4.Bc4 Be7 5.d3 d6 6.O-O Be6 7.Nd5 h6 8.c3 Nf6
9.a3 O-O 10.Re1 Rc8 11.b4 a6 12.Qb3 Bxd5 13.Bxd5 cxb4 14.axb4 Nxd5 15.exd5 Nb8
16.c4 Nd7 17.Bb2 Bf6 18.Nd2 Bg5 19.Ne4 Qb6 20.Qa4 Rfd8 21.Qa5 f5 22.Qxb6 Nxb6
23.Nxg5 hxg5 24.f3 Re8 25.Bc1 e4 26.Be3 Nd7 27.Bxg5 exd3 28.Rxe8+ Rxe8 29.Bf4 Nb6
30.Bxd6 Nxc4 31.Bf4 Rd8 32.d6 g5 33.Bxg5 Rxd6 34.Rd1 Kf7 35.Kf2 b6 36.Bf4 Rd5
37.Rc1 d2 38.Rd1 Nb2  0-1

[Event "Summer"]
[Site "Tel Aviv ISR"]
[Date "2003.07.21"]
[Round "2"]
[White "Deutsch,E"]
[Black "Kaganskiy,G"]
[Result "0-1"]
[WhiteElo "2348"]
[BlackElo "2393"]

1.e4 c5 2.Nc3 Nc6 3.Bb5 Nd4 4.Bc4 g6 5.Nge2 Bg7 6.O-O d6 7.Nxd4 cxd4 8.Ne2 Nf6
9.d3 Nd7 10.f4 O-O 11.Qe1 Qc7 12.Qf2 Qc5 13.Bd2 b5 14.b4 Qb6 15.Bb3 Nf6 16.h3 Be6
17.e5 dxe5 18.fxe5 Nd7 19.Qxd4 Bxe5 20.Qxb6 Nxb6 21.Rae1 Bxb3 22.axb3 Rac8
23.c3 Rfd8 24.d4 Bg7 25.Ra1 Nd5 26.Rfc1 e5 27.c4 Nf4 28.Bxf4 exf4 29.Rxa7 Bxd4+
30.Nxd4 Rxd4 31.c5 Rxb4 32.c6 Rxb3 33.Rb7 Kf8 34.Kf2 Rb4 35.c7 Ke7 36.Rc5 Kd6
37.Rbxb5 Rxb5 38.Rxb5 Rxc7 39.Kf3 Rc4 40.Rb1 Ke6 41.Rb6+ Kf5 42.Rb5+ Kf6
43.h4 Rd4 44.Ra5 h6 45.Ra1 g5 46.Ra6+ Kg7 47.hxg5 hxg5 48.Kg4 f6 49.Kh5 Kf7
50.Ra7+ Ke6 51.Kg6 Rd2 52.Ra6+ Ke5 53.Ra5+ Ke4 54.Ra4+ Ke3 55.Ra3+ Kf2 56.Kxf6 Kxg2
57.Kxg5 f3 58.Kg4 f2 59.Rg3+ Kf1  0-1

[Event "TCh-Europe u18"]
[Site "Balatonlelle HUN"]
[Date "2003.07.22"]
[Round "4"]
[White "Gajewski,G"]
[Black "Rau,H"]
[Result "1/2-1/2"]
[WhiteElo "2456"]
[BlackElo "2388"]

1.e4 c5 2.Nc3 Nc6 3.Bb5 Nd4 4.Bc4 g6 5.Nf3 Bg7 6.Nxd4 cxd4 7.Qf3 e6 8.Nb5 Be5
9.c3 dxc3 10.dxc3 a6 11.Nd4 b5 12.Bb3 Bb7 13.Qe2 Qc7 14.Bc2 Rc8 15.Qe3 Ne7
16.O-O Bxh2+ 17.Kh1 Be5 18.f4 Bg7 19.f5 gxf5 20.exf5 Rg8 21.Be4 Bxe4 22.Qxe4 Bxd4
23.Qxd4 Qb7 24.Rf3 Nxf5 25.Qf2 Rc4 26.Bf4 Rg4 27.Bh2 Rg7 28.Bf4 Rg4 29.Bh2 Rg5
30.Bf4 Rh5+ 31.Kg1 Nh4 32.Rg3 Ng6 33.Bg5 h6 34.Rf1 d6 35.b3 Rc5 36.Be3 Rcf5
37.Qe2 Rxf1+ 38.Qxf1 Qe4 39.Rf3 Ne5 40.Rg3 Qh4 41.Rh3 Qg4 42.Rxh5 Qxh5 43.Bf4 Qh4
44.a4 bxa4 45.bxa4 Nd7 46.g3 Qf6 47.Qxa6 e5 48.Be3 e4 49.Qc6 Qf3 50.Bf4 Qd1+
51.Kf2 Qc2+ 52.Kg1 Qb1+ 53.Kh2 Qa2+ 54.Kg1 Qb1+ 55.Kh2 Qa2+  1/2-1/2

[Event "BCSA Open"]
[Site "Batumi GEO"]
[Date "2003.07.22"]
[Round "6"]
[White "Melia,S"]
[Black "Mkrtchian,L"]
[Result "0-1"]
[WhiteElo "2237"]
[BlackElo "2413"]

1.e4 c5 2.Nf3 Nc6 3.Nc3 e5 4.g3 g6 5.Bg2 Bg7 6.d3 Nge7 7.Bg5 O-O 8.Qd2 d6
9.O-O Be6 10.Ne1 f6 11.Be3 f5 12.Bg5 Qd7 13.Nd5 Rf7 14.c3 Raf8 15.Nc2 f4
16.gxf4 Bh3 17.Nxe7+ Nxe7 18.f3 exf4 19.Bxe7 Rxe7 20.Bxh3 Qxh3 21.d4 Kh8
22.Kh1 g5 23.Qg2 Qxg2+ 24.Kxg2 cxd4 25.Nxd4 Bxd4 26.cxd4 Rc8 27.Rac1 Rec7
28.Rxc7 Rxc7 29.Rf2 Kg7 30.h4 h6 31.hxg5 hxg5 32.Kf1 Kf6 33.Ke2 Rc2+ 34.Ke1 Rc4
35.Rd2 Rc1+ 36.Kf2 b5 37.a3 a5 38.Ke2 Rc8 39.Kf2 Rc7 40.Kf1 g4 41.fxg4 Kg5
42.e5 dxe5 43.dxe5 Kxg4 44.e6 Re7 45.Rd5 Rxe6 46.Rxb5 Rc6 47.Rb3 Rc1+ 48.Kf2 Rc2+
49.Kf1 a4 50.Rb8 Kg3 51.Rg8+ Kf3 52.Kg1 Rxb2 53.Ra8 Rg2+ 54.Kh1 Ra2 55.Rh8 Ke3
56.Re8+ Kf2 57.Re4 Kg3 58.Re1  0-1

[Event "ch-COL w"]
[Site "Cali COL"]
[Date "2003.07.22"]
[Round "1"]
[White "Ortiz,N"]
[Black "Mateus,Mar"]
[Result "0-1"]
[WhiteElo "2137"]
[BlackElo "2148"]

1.e4 c5 2.Nc3 Nc6 3.Bb5 e6 4.Bxc6 dxc6 5.d3 Nf6 6.f4 b5 7.e5 b4 8.exf6 bxc3
9.fxg7 Bxg7 10.b3 Bd4 11.Nf3 Qd5 12.Qe2 Rg8 13.Be3 Bd7 14.Qf2 O-O-O 15.O-O e5
16.Bxd4 exd4 17.Rfe1 f6 18.a3 Rg4 19.Re4 Rdg8 20.Ne1 R4g7 21.g3 h5 22.Nf3 Bf5
23.Ree1 Rg4 24.Kf1 h4 25.Nxh4 Rxh4 26.gxh4 Qh1+  0-1

[Event "BCSA Open"]
[Site "Batumi GEO"]
[Date "2003.07.23"]
[Round "7"]
[White "Mkrtchian,L"]
[Black "Galoyan,Le"]
[Result "1-0"]
[WhiteElo "2413"]
[BlackElo "2303"]

1.e4 c5 2.Nf3 Nc6 3.Nc3 d6 4.d4 cxd4 5.Nxd4 e5 6.Nf3 Nf6 7.Bg5 Be7 8.Bxf6 Bxf6
9.Bc4 O-O 10.O-O Bg4 11.h3 Bxf3 12.Qxf3 Nd4 13.Qd3 Rc8 14.Bb3 a6 15.Nd5 Bg5
16.c3 Ne6 17.Rfd1 g6 18.a4 Nc5 19.Qc2 a5 20.Bc4 Kh8 21.Bd3 Bh6 22.Re1 Qg5
23.Nb6 Rc6 24.Nc4 b6 25.Rad1 Ne6 26.Bf1 Nf4 27.g3 Nxh3+ 28.Bxh3 Rxc4 29.Rxd6 Rd8
30.Qd3 Rxd6 31.Qxd6 Kg7 32.Bf1 Rxa4 33.Qd5 Qd2 34.Qxe5+ Kg8 35.Qe8+ Bf8 36.Re3 Ra1
37.Rf3 f5 38.Kg2 Kg7 39.Rd3 Qe1 40.Rd7+ Kf6 41.Qxf8+  1-0

[Event "BCSA Open"]
[Site "Batumi GEO"]
[Date "2003.07.23"]
[Round "7"]
[White "Jojua,D"]
[Black "Chibukhchian,A"]
[Result "1-0"]
[WhiteElo "2243"]
[BlackElo "2370"]

1.e4 c5 2.Nf3 Nc6 3.Nc3 e6 4.Bb5 Nge7 5.O-O a6 6.Bxc6 Nxc6 7.d4 cxd4 8.Nxd4 Qc7
9.Re1 Bd6 10.Nd5 exd5 11.exd5+ Ne5 12.f4 O-O 13.fxe5 Bxe5 14.Nf3 d6 15.Nxe5 dxe5
16.d6 Qc5+ 17.Be3 Qc6 18.c4 Be6 19.c5 Bd5 20.Qd2 f5 21.Red1 Be4 22.Bg5 Qxc5+
23.Qf2 Qb5 24.d7 Bd3 25.d8=Q Raxd8 26.Bxd8 Rxd8 27.Rac1 Re8 28.Rc5 Qd7 29.Kh1 h6
30.Qf3 e4 31.Qxf5 Qxf5 32.Rxf5 e3 33.Rf4 g5 34.Rf6 Kg7 35.Rf3 Re7 36.Re1 Bc4
37.Rfxe3 Rxe3 38.Rxe3 Kf6 39.b3 Bd5 40.Kg1 Kf5 41.Kf2 h5 42.h3 h4 43.g3 hxg3+
44.Kxg3 Bc6 45.Rc3 Kg6 46.a4 Kf5 47.Rc5+ Kg6 48.a5 Kf6 49.b4 Kg6 50.Re5 Kf6
51.Re3 Kf5 52.Rd3 Be4 53.Rd7 Bc6 54.Rf7+ Kg6 55.Rf8 Kh5 56.Rg8 Bd5 57.Rh8+ Kg6
58.h4 gxh4+ 59.Rxh4 Kf5 60.Kf2 Ke5 61.Ke3 Bg2 62.Rh5+ Kd6 63.Kd4 Kc6 64.Rc5+ Kd6
65.Rg5 Bf3 66.Rg6+ Kc7 67.Kc5 Kb8 68.Kb6  1-0